|
|
|
|
| LEADER |
00000nam a2200000 a 4500 |
| 001 |
vtls001385998 |
| 003 |
SK-MaSNL |
| 005 |
20260301115700.0 |
| 008 |
251117s1999 xo a r y 0 slo |
| 015 |
|
|
|a SNBA2000/05-01734
|
| 020 |
|
|
|a 8071006335
|
| 035 |
|
|
|a SNK000340146
|
| 035 |
|
|
|a urn:nbn:sk:snk-amyeip
|
| 035 |
|
|
|a urn:nbn:sk:snk-am00chjx
|
| 035 |
|
|
|a 1645A123-DF37-4DAC-A74E-A65608159FEA
|
| 040 |
|
|
|a SNK
|b slo
|c SNK
|e AACR2
|
| 041 |
0 |
|
|a slo
|
| 044 |
|
|
|a xo
|c SK
|
| 080 |
|
|
|a 514.18(075.8)
|2 1981
|
| 245 |
0 |
|
|a Deskriptívna geometria
|n 1
|c Rudolf Višňovský ... [et al.]
|
| 260 |
|
|
|a V Žiline
|b Žilinská univerzita
|c 1999
|
| 300 |
|
|
|a 163 s.
|b sch.
|c 29 cm
|
| 500 |
|
|
|a 500 výt.
|
| 504 |
|
|
|a Bibliogr. s. 163
|
| 650 |
0 |
7 |
|a deskriptívna geometria
|2 SNK
|9 831
|
| 655 |
|
7 |
|a Textbooks (higher)
|2 SNKPHeng
|9 276436
|
| 655 |
|
7 |
|a učebnice vysokých škôl
|2 SNKPH
|9 70191
|
| 700 |
1 |
|
|a Višňovský, Rudolf
|4 aut
|9 10783
|
| 700 |
1 |
|
|a Capková, Eva
|4 aut
|9 48421
|
| 700 |
1 |
|
|a Holešová, Michaela,
|d 1974-
|4 aut
|9 229310
|
| 700 |
1 |
|
|a Konrádová, Miroslava
|4 aut
|9 48424
|
| 752 |
|
|
|d Žilina
|
| 919 |
|
|
|a 80-7100-633-5
|
| 958 |
|
|
|a TL
|
| 958 |
|
|
|a UV
|
| 958 |
|
|
|a NB
|
| 958 |
|
|
|a OND
|
| 999 |
|
|
|c 723118
|d 725048
|
| 952 |
|
|
|t P60, <09>, [BOOK], {629}
|a SNK
|b SNK
|y NEVYP
|7 0
|o snkB 139
|i snk469/20000331
|0 0
|1 0
|4 0
|d 2000-03-30
|l 0
|r 2005-01-02 00:00:00
|w 2026-02-23
|
| 952 |
|
|
|t P60, <03>, [BOOK], {603}
|a SNK
|b SNK
|y PREZ
|7 0
|p 17A0234292
|o snkSB 61596/1
|i snkKSP 3566/2000
|0 0
|1 0
|4 0
|d 2000-03-30
|f 1
|l 0
|r 2025-04-15 00:00:00
|w 2026-02-23
|
| 952 |
|
|
|t P60, <04>, [BOOK], {604}
|a SNK
|b SNK
|y VYP
|7 0
|p 17A0234293
|o snkSB 61596/1 D1
|i snkKSP 3567/2000
|0 0
|1 0
|4 0
|d 2000-03-30
|l 0
|r 2005-01-02 00:00:00
|w 2026-02-23
|